LDR 01182naa#a2200193#i#450# 001 RU\\bibl\121306 005 20260515053424.5 011 ## _a1994-4683 100 ## _a20230803b2023####ek#y0rusy0150####ca 102 ## _aRU 200 1# _aПЕДАГОГИКО-ПСИХОЛОГИЧЕСКИЕ МЕТОДИЧЕСКИЕ ПРИНЦИПЫ ФОРМИРУЮТ "ЗДОРОВЬЕСБЕРЕГАЮЩУЮ ОЗДОРОВИТЕЛЬНУЮ ДЫХАТЕЛЬНУЮ ТЕХНОЛОГИЮ" В САМОРАЗВИТИИ ЛИЧНОСТИ НА ЗАНЯТИЯХ ФИЗИЧЕСКОЙ КУЛЬТУРОЙ _eЖурнальная статья 210 1# _aМосква _cНациональный государственный Университет физической культуры, спорта и здоровья им. П.Ф. Лесгафта _d2023 215 ## _a9 с. 608 ## _aЖурнальная статья _2local 675 ## _aФилософские и научно-теоретические основы физической культуры и спорта. 796.011 _z 700 #1 _aМясникова _gД Д 700 #1 _aОплетин _gА А 700 #1 _aЗеленин _gЛ А 856 4# _auchzapiski.lesgaft.spb.ru _u